00362 a2200109 4500001001000000005001700010008004100027245009800068100001900166773005000185999001700235ART_4002320260410161841.0260409a 10aUna desacertada interpretación de las competencias de la Sindicatura General de la Nación1 aBielsa, Rafael0 tRAPg- Año 24, Nº 280 (ene. 2002)wREV5941 c24143d24143